000 00799nas a2200265 4500
001 BR0500327
003 BR-BrBNA
005 20231205105119.0
007 ta
008 230509b bl.|||p| |||| 00| 00por d
040 _aBR-BrBNA
_bpor
_cBiblioteca Nacional de Agricultura
041 _a(Pt)
072 _aF02
100 1 _aSilva, J.A.A. da
100 1 _aPereira, F.M.
245 1 _aEnraizamento de estacas herbáceas de nespereira (Eryobotria japonica Lindl)
650 _aNÊSPERA
650 _aPROPAGAÇÃO VEGETATIVA
650 _aENRAIZAMENTO DE ESTACA
650 _aRAIZ
650 _aCALO
773 0 _tRevista Brasileira de Fruticultura (Brazil)
_xISSN 0100-2945
_g(Aug 2004), v. 26(2) p. 369-371
_wBR0500327
909 _a202311
_bLúcia
_c55
_dLúcia Elande
942 _2AGRIS
_n0
_cANA
999 _c181312
_d181312